header

The circuit of mass communication (Record no. 191139)

MARC details
000 -LEADER
fixed length control field 01240nam a2200313 a 4500
100 1# - MAIN ENTRY--AUTHOR NAME
Personal name Miller, David.
245 14 - TITLE STATEMENT
Title The circuit of mass communication
260 ## - PUBLICATION, DISTRIBUTION, ETC. (IMPRINT)
Place of publication London :
Name of publisher SAGE Publications,
Year of publication 1998.
300 ## - PHYSICAL DESCRIPTION
Number of Pages 248 p. :
Other physical details ill.
650 #0 - SUBJECT ADDED ENTRY--TOPICAL TERM
Topical Term Mass media.
Topical Term AIDS (Disease) in mass media.
856 40 - ELECTRONIC LOCATION AND ACCESS
Uniform Resource Identifier http://site.ebrary.com/lib/rucke/Doc?id=10392713

No items available.

© 2026 Rongo University
Contact us: librarian | system librarian | Rongo university